000 00742nam a2200229Ii 4500
003 JO-AjNU
008 230605s9999||||xx |||||||||||||| ||und||
017 _a2018/10/5364
020 _a978-9957-128-69-2
040 _aJO-AjNU
_bara
_erda
_cJO-AjNU
041 _aara
050 1 4 _aBF311.J56 2019
100 3 _aالجنابي، صاحب عبد مرزوك,
_eauthor
_958888
245 0 0 _aعلم النفس المعرفي
250 _aالطبعة العربية
264 3 1 _aعمان: دار اليازوري للنشر والتوزيع، 2019
300 _a335ص
336 _atext
_btxt
_2rdacontent
337 _aunmediated
_bn
_2rdamedia
338 _avolume
_bnc
_2rdacarrier
650 4 _aعلم النفس المعرفي
_958889
999 _aA26472
_c30040
_d30040